| 000 | 00570nam a22002177i 4500 | ||
|---|---|---|---|
| 003 | URS | ||
| 005 | 20220114152606.0 | ||
| 008 | 170227b xxu||||| |||| 00| 0 eng d | ||
| 020 | _a014044324X | ||
| 040 |
_erda _cURSP-College Library _beng |
||
| 050 | 0 | 0 | _bT272 1976 |
| 100 | 1 | _aTerence | |
| 245 |
_aThe Comedies _cTerence |
||
| 264 | 1 |
_aEngland _bPenguin Books _c1976. |
|
| 300 |
_a396pages _c20cm. |
||
| 336 |
_atext _btxt _2rdacontent |
||
| 337 |
_aunmediated _bn _2rdamedia |
||
| 338 |
_avolume _bnc _2rdacarrier |
||
| 500 | _aIncludes bibliography | ||
| 942 |
_2lcc _cFR |
||
| 999 |
_c6992 _d6992 |
||